00345nam a2200109Ia 4500008004100000082002000041100001900061245002700080260003400107630001800141650007600159211109s9999||||xx |||||||||||||| ||und|| a894.8123bPAD.T aPadmanabhan, T 0aHarison Sayvinte Naaya bCurrent BooksaKottayamc1979 xGeneral stack aLiterature & rhetoricvmalayalam literaturexmalayalam storiesMalayalam